| 000 | 01298nam a2200349 c 4500 | ||
|---|---|---|---|
| 999 |
_c188677 _d188677 |
||
| 003 | BLK | ||
| 005 | 20240925005454.0 | ||
| 008 | 180411b bul|||||r ||||||| ||bul|| | ||
| 010 | _aKNG00197696000 | ||
| 040 | _aBLK | ||
| 041 |
_aBUL _cBUL |
||
| 080 |
_aАвстрийска литература _b821.112(436) _x-32 _z821.112(436)-32 |
||
| 100 | 1 |
_aЦвайг, Стефан _eпърви автор _9366443 |
|
| 139 |
_aЦвайг, Стефан _bЦ 29 |
||
| 245 | 1 | 0 |
_aНовели _bСборник _cСтефан Цвайг; прев. от нем. Димитър Стоевски; с предг. от Борис Сучков. |
| 250 | _a2. изд. | ||
| 257 | _aAUT | ||
| 260 |
_aСофия _bНар. култура _c1977 |
||
| 300 |
_a552 с. _c20 см |
||
| 380 | _aX | ||
| 500 | _a1. изд. 1963. - 35 125 тир. | ||
| 700 |
_aСтоевски, Димитър _qЧолаков, Димчо Стоев _9364897 |
||
| 700 | 1 |
_aСучков, Борис _eс предг. от _9384587 |
|
| 852 |
_aЦб 86622 _bЦб |
||
| 856 | 4 |
_qpdf _i0.00 _ldisable |
|
| 856 | 4 |
_qpdf _i0.00 _ldisable |
|
| 942 |
_cKNG _n0 _04 _s1 |
||
| 944 |
_aCR _c09.12.2016 _k _lCRON CRON |
||
| 944 |
_aED _c09.12.2016 _kПравда_Бадева |
||
| 944 |
_aED _c2022-10-31 _kВП |
||
| 999 | _d188677 | ||